Un antídoto contra la inflación
Na minha lista:
| Autor Corporativo: | |
|---|---|
| Formato: | Texto |
| Publicado em: |
San José:
MEIC
|
| Tags: |
Adicionar Tag
Sem tags, seja o primeiro a adicionar uma tag!
|
MARC
| LEADER | 00000 a a2200000 04500 | ||
|---|---|---|---|
| 001 | 24001 | ||
| 003 | |||
| 040 | |||
| 090 | |a 170300 | ||
| 110 | |a Costa Rica. Ministerio de Economía, Industria y Comercio | ||
| 245 | |a Un antídoto contra la inflación | ||
| 260 | |a San José: |b MEIC | ||
| 300 | |a 31 p. |b **no definido** |b il. | ||
| 999 | |c 14848 |d 14848 | ||
